000 00294nam a22001337a 4500
008 181008b xxu||||| |||| 00| 0 eng d
020 _a9780538856300
041 _aeng
080 _a330.722.6
100 _a62
101 _aKMNG
245 _aManagement Accounting
_cHansen
942 _2udc
_cBK
999 _c49085
_d49085